1160 1865 1778 1715 1892 1546 1513 1900 1946 1806 1276 1024 1247 1955 1194 1888 1137 1276 1433 1800 1977 1326 1581 1652 1054 1652 1004 1436 1980 1894 1368 1528 1533 1421 1796 1290 1566 1261 1843 1673 1370 1228 1000 1627 1054 1154 1301 1928 1487 1800 1569 1055 1707 1281 1230 1446 1279 1975 1338 1260 1122 1816 1096 1258 1092 1866 1148 1796 1237 1404 1031 1067 1524 1591 1644 1255 1265 1191 1815 1945 1507 1567 1731 1510 1440 1435 1764 1783 1545 1150 1224 1956 1476 1852 1596 1197 1607 1759 1127 BCNSPRNW ULIB Ver.6.0+V

เปลี่ยนเป็นภาษาไทย

Change to English
 แสดงรายละเอียดบรรณานุกรม
  กลับหน้าหลัก

Brief Record : Get Marc (ISO 2709) : E-mail record : QR code < ปิดหน้าต่าง
LEADER : 00000nam 2200000uu 4500
001    13399124617
003     ULIB
008    151022s2558||||th 000 0 tha d
060 04 ^aW84.1^bค622
245 00 ^aคุณภาพการดูแลรักษาทางการแพทย์ :^bทบทวนสถานการณ์และวรรณกรรม = QMC quality of medical care : situation and literature review /^cบรรณาธิการ, สมเกียรติ โพธิสัตย์
246 31 ^aQMC quality of medical care :^bsituation and literature review
260    ^aนนทบุรี :^bสำนักวิชาการแพทย์ กรมการแพทย์ กระทรวงสาธารณสุข,^c2558
300    ^a66, [1-1-11-9] หน้า ;^c30 ซม.
650  2 ^aMedicine
650  4 ^aการแพทย์^vรวมเรื่อง
700 0  ^aสมเกียรติ โพธิสัตย์,^eบรรณาธิการ
710 2  ^aกรมการแพทย์.^bสำนักวิชาการแพทย์
945    ^p0^l0^i000149
999    ^aเกษร โพธิ์สุวรรณ
รายการนี้ยังไม่มีแท็ก
คุณยังไม่ได้ล็อกอิน คุณสามารถมีกิจกรรมร่วมกับเว็บไซต์ได้ แต่ต้องล็อกอินก่อน ::
  ล็อกอิน

รายการสื่อสารสนเทศ

ลำดับที่ ประเภท เลขเรียก/บาร์โค้ด สถานที่ สถานะ
1. วิทยาศาสตร์การแพทย์ และสุขภาพ
วิทยาศาสตร์การแพทย์ และสุขภาพ
สถานะ=หนังสือเก่า
W84.1 ค622 ฉ.1 
  Barcode: 000149
ห้องสมุดวิทยาเขตสวรรค์ประชารักษ์
►ส่วนจัดเก็บหนังสือเก่า สปร
บนชั้น
  ขอยืม

รายการใกล้เคียง
    หัวเรื่อง [Medicine]

BibComment


ยังไม่เคยถูกคอมเมนท์

คอมเมนท์ทรัพยากรรายการนี้
  คอมเมนท์: คุณภาพการดูแลรัก..


 Copyright 2026. Bcnsprnw @Library